000 00362nam a2200157Ia 4500
005 20250423094643.0
008 250422s9999 xx 000 0 und d
020 _a0-324-3728-7
100 _aLehman, Carol M.
245 0 _aBusiness communication
250 _a13th ed.
260 _aOhio
260 _bSouth Western Cengage
260 _c2002
942 _cBK
999 _c27892
_d27892